| 000 | 00847cam a2200289 4500 | ||
|---|---|---|---|
| 001 | J2665 | ||
| 008 | 090401t1993 xxu||||| |||| 00| 0 eng d | ||
| 035 | _a(Sirsi) u50359 | ||
| 041 | _aeng | ||
| 050 | _a333.332 | ||
| 100 | _aWomersley, J.S. | ||
| 245 | 4 | _aThe farm inspection: a guide for new valuers. | |
| 250 | _a2nd ed. | ||
| 260 |
_aLondon _bValuation Office _c1993 |
||
| 300 | _a28p. : ill. ; 21cm. | ||
| 350 | _a0 | ||
| 520 | _aWinner of Estates Gazette/Knight Frank & Rutley Plain English in Property award. Published to accompany a video. | ||
| 650 | _aEG-KFR PLAIN ENGLISH IN PROPERTY AWARDS | ||
| 650 | _aFARM BUILDINGS | ||
| 650 | _aFARM INSPECTIONS | ||
| 650 | _aFARM LAND | ||
| 650 |
_aValuation _96273 |
||
| 690 | _aRATING AND VALUATION | ||
| 710 |
_aValuation Office _9264 |
||
| 942 | _n0 | ||
| 948 | _c04/03/1997 | ||
| 999 |
_c92698 _d92698 |
||